عرض عادي عرض مارك
  • Johnston, E. Russell

مدخل إسم شخص

عدد التسجيلات المستخدمة في: 1

001 - رقم الضبط

  • حقل الضبط: 34420

003 - معرف رقم الضبط

  • حقل الضبط: OSt

005 - تاريخ ووقت أخر عملية

  • حقل الضبط: 20130314214549.0

008 - عناصر بيانات ثابتة الطول

  • حقل تحكم ثابت الطول: 130314|||a|||||| | ||| d

040 ## - مصدر الفهرسة

  • هيئة الفهرسة الأصلية: OSt
  • وكالة الكتابة: OSt

100 ## - مدخل -- أسم شخص

  • إسم شخص: Johnston, E. Russell
  • الشكل الكامل للاسم: (Elwood Russell),
  • تواريخ مرتبطة بالاسم: 1925-

670 ## - بيانات المصدر موجوده

  • الاستشهاد بالمصدر: Work cat.: (OSt)0: Beer, Ferdinand Pierre, 1915- 34418, Vector mechanics for engineers Statics /, c2010-